000
00319nam a2200133Ia 4500
005
20251222155132.0
008
251222s9999||||xx |||||||||||||| ||spa||
082
_a
MEQ. 32.92.4
100
_a
Cli. Enf. Norteam.
245
0
_a
La Salud de la Mujer
250
_a
1ra. ed.
264
_b
Interamericana S.A.
942
_c
LIB
999
_c
38837
_d
38837